000 00783nam a22001817a 4500
999 _c59152
_d59152
003 Ge_BSU
005 20221201103638.0
008 221201s1980ge xxu||||| |||| 00| 0 geo d
041 _ageo
080 _a821.111-31 ს-61
100 _aსნოუ, ჩარლზ პ., ავტ.
_916261
245 _aსიკვდილი იალქნის ქვეშ :
_b [რომანი] /
_c ჩარლზ პ.სნოუ, თარგმნა: ნ. ფავლენიშვილმა.
264 _aთბილისი :
_bსაბჭ. საქართველო,
_c1980.
300 _a240 გვ. ;
_b20 სმ.
653 _aრომანი
700 _4ფავლენიშვილი, ნ.
_eმთარგმნელი
_916262
942 _2udc
_cBK